|
|
|
|
| LEADER |
00000nam0a2200000 4500 |
| 001 |
31570 |
| 005 |
20231030204522.0 |
| 010 |
|
|
|a 5020039144
|
| 035 |
|
|
|a (RuTPU)RU\TPU\book\31848
|
| 035 |
|
|
|a BOOK00000013
|
| 090 |
|
|
|a 31570
|
| 100 |
|
|
|a 20011209d2001 k y0rusy50 ca
|
| 101 |
0 |
|
|a rus
|
| 102 |
|
|
|a RU
|
| 105 |
|
|
|a a z 000zd
|
| 200 |
1 |
|
|a Академик Анатолий Петрович Александров
|a Прямая речь
|f П. А. Александров
|
| 210 |
|
|
|a Москва
|c Наука
|d 2001
|
| 215 |
|
|
|a 248 с.
|c ил.
|
| 330 |
|
|
|a В основу книги положены магнитофонные записи воспоминаний А.П. Александрова, президента АН СССР (1976—1986). Хронологически они охватывают период с 1922 г. по конец 1950-х годов. О других периодах жизни А.П. Александрова рассказывают его родственники, коллеги. В книге исследованы материалы, опубликованные в труднодоступных изданиях, воспоминания людей, знавших Анатолия Петровича. Приведено большое количество ранее не публиковавшихся фотоматериалов из семейного архива Александровых.
|
| 600 |
|
1 |
|a Курчатов
|g Игорь Васильевич
|b И. В.
|c российский физик
|c академик АН СССР
|f 1902/1903 - 1960
|2 stltpui
|3 (RuTPU)RU\TPU\pers\1083
|
| 600 |
|
1 |
|a Капица
|g Петр Леонидович
|c российский физик
|f 1894 - 1984
|b П. Л.
|2 stltpui
|3 (RuTPU)RU\TPU\pers\1097
|
| 600 |
|
1 |
|a Александров
|b А. П.
|f 1903 - 1994
|g Анатолий Петрович
|c российский физик
|c академик Российской академии наук
|2 stltpush
|3 (RuTPU)RU\TPU\pers\4117
|
| 600 |
|
1 |
|a Харитон
|b Ю. Б.
|c русский физик
|f 1904 - 1996
|g Юлий Борисович
|c физикохимик
|2 stltpush
|3 (RuTPU)RU\TPU\pers\11149
|
| 610 |
1 |
|
|a наука
|
| 610 |
1 |
|
|a история
|
| 610 |
1 |
|
|a Россия
|
| 610 |
1 |
|
|a 20 век
|
| 610 |
1 |
|
|a АН СССР
|
| 610 |
1 |
|
|a физика
|
| 610 |
1 |
|
|a СССР
|
| 610 |
1 |
|
|a физико-технический институт
|
| 610 |
1 |
|
|a атомная физика
|
| 610 |
1 |
|
|a атомная техника
|
| 610 |
1 |
|
|a атомная энергетика
|
| 610 |
1 |
|
|a реакторная техника
|
| 686 |
|
|
|a Ч213(2)д
|v LBC/SL-A
|2 rubbk
|
| 700 |
|
1 |
|a Александров
|b П. А.
|g Петр Анатольевич
|
| 801 |
|
0 |
|a RU
|b 63413507
|c 20011209
|g PSBO
|
| 801 |
|
2 |
|a RU
|b 63413507
|c 20130205
|g PSBO
|
| 942 |
|
|
|c BK
|